Taylor Swift - The Bolter (Lyrics) - Statistics

General Stats
  • This quiz has been taken 72 times
  • The average score is 348 of 408
Answer Stats
Answer % Correct
A
100%
a
100%
And
100%
he
100%
He
100%
her
100%
I
100%
it
100%
It
100%
like
100%
"The
100%
the
100%
they
100%
to
100%
With
100%
with
100%
all
97%
All
97%
be
97%
bolt.
97%
Bolter"
97%
But
97%
felt
97%
of
97%
she
97%
She
97%
Started
97%
we
97%
What
97%
When
97%
when
97%
By
94%
drive
94%
evening
94%
in
94%
kiss,
94%
kiss
94%
meeting
94%
must
94%
nicknamed
94%
Out
94%
out
94%
stop
94%
Then
94%
then
94%
this"
94%
this
94%
was
94%
almost
91%
car
91%
know
91%
leaving
91%
leaving.
91%
"Oh,
91%
six
91%
time
91%
up
91%
water
91%
alive
89%
always
89%
as
89%
breathing
89%
came
89%
door
89%
ends
89%
eyes
89%
feels
89%
fucking
89%
lives
89%
speeding
89%
accounts,
86%
before
86%
drowned
86%
Flashed
86%
frigid
86%
it's
86%
slam
86%
town
86%
'whore'
86%
you
86%
You
86%
back,
83%
best
83%
call
83%
can
83%
ever
83%
fell
83%
he'll
83%
one
83%
through
83%
face
80%
get
80%
ice...
80%
ice
80%
Just
80%
just
80%
race
80%
wanted
80%
Ended
77%
except
77%
father
77%
made
77%
wouldn't
77%
bad
74%
child,
74%
everyone
74%
hunter
74%
laughed
74%
own
74%
runs
74%
She's
74%
she's
74%
That
74%
way
74%
any
71%
been
71%
Behind
71%
curious
71%
is
71%
mates
71%
Men
71%
trophy
71%
charming
69%
confirm
69%
good
69%
him
69%
many
69%
off
69%
til
69%
faces
66%
for
66%
fun
66%
knows.
66%
places
66%
quite
66%
Saturday!
66%
sees
66%
sore
66%
That's
66%
There's
66%
are
63%
at
63%
escape
63%
escaping
63%
Excellent
63%
races
63%
reviled
63%
selfish,
63%
bewitching
60%
cad,
60%
Down
60%
first
60%
First
60%
liked
60%
bear,
57%
care
57%
hers
57%
Park
57%
Taming
57%
tastes
57%
tiny
57%
Wish
57%
charmingly
54%
got
54%
helpless
54%
laughing
54%
making
54%
none
54%
under
54%
aces
51%
breaking
51%
chariot
51%
drawing
51%
fate
51%
freedom.
51%
Hearts
51%
leaks
51%
poses
51%
pulling
51%
roses,
51%
Splendidly
51%
they're
51%
waiting
51%
Central
49%
changing
49%
sure
49%
rowboats
46%
stories,
46%
floorboards
43%
Lake
43%
littlest
43%
Watching
43%
blush,
40%
jump
40%
portrait
40%
realized
20%
No matching quizzes found
Score Distribution
Percent of People with Each Score
Percentile by Number Answered
Your Score History
You have not taken this quiz